| 000 | 00468nam a2200181Ia 4500 | ||
|---|---|---|---|
| 005 | 20250508150859.0 | ||
| 008 | 008 250505s9999 xx 000 0 eng d | ||
| 037 | _aTextual | ||
| 040 |
_aFEDL _beng _cFEDL |
||
| 041 |
_aeng _2eng |
||
| 084 |
_a372.85, WON _qFEDL |
||
| 245 | 0 | _aWonder book of wonders | |
| 250 | _a11 | ||
| 260 |
_aLondon, UK _bWard, Lock and Co Ltd. |
||
| 300 | _a256p | ||
| 942 |
_cTEXL _h372.85, WON |
||
| 999 |
_c1326291 _d1326291 |
||